000 00688nam a2200253Ia 4500
008 160404s9999 xx 000 0 und d
020 _a978-971-23-4874-7
050 _aFIL HG 4026
050 _b.M53 2007
100 _aMedina, Roberto G.
245 _aBusiness finance /
245 _cRoberto G. Medina.
250 _a2nd Edition
260 _aManila :
260 _bRex Book Store, Inc.,
260 _c2007
300 _a228 pages :
300 _billustrations ;
300 _c22 cm.
500 _aIncludes bibliographical references and index.
650 _aBusiness -- Finance.
650 _aCorporations -- Finance.
650 _xBusiness enterprises -- Finance.
999 _c293267
_d293267